|
|
|
|
| LEADER |
01325nam a22002651a 4500 |
| 999 |
|
|
|c 2325
|d 2325
|
| 020 |
|
|
|a 9788126404940
|
| 082 |
|
|
|a M 803
|b ANN/A
|
| 100 |
|
|
|a Anne Frank
|
| 245 |
|
|
|a Anne Frankinte Diarykkurippukal/
|c by Anne Frank.
|
| 260 |
|
|
|a Kottayam:
|b D C Books ,
|c 2003.
|
| 300 |
|
|
|a 208p.
|
| 650 |
|
|
|a Memoirs Ann Frank
|
| 650 |
|
|
|a Literature Malayalam
|
| 650 |
|
|
|a Literature
|
| 700 |
|
|
|a Prameela Devi (tr.)
|
| 942 |
|
|
|c BK
|
| 942 |
|
|
|c BK
|
| 942 |
|
|
|c BK
|
| 942 |
|
|
|c BK
|
| 952 |
|
|
|0 0
|1 0
|2 ddc
|4 0
|6 M_803_000000000000000_ANN_A
|7 0
|9 3570
|a SSUS
|b SSUS
|d 2015-01-08
|g 75.00
|l 4
|o M 803 ANN/A
|p 042856
|r 2020-09-08
|s 2020-08-19
|v 0.00
|w 2015-01-08
|y BK
|
| 952 |
|
|
|0 0
|1 0
|2 ddc
|4 0
|6 M_803_000000000000000_ANN_A
|7 0
|9 3571
|a SSUS
|b SSUS
|d 2015-01-08
|g 75.00
|o M 803 ANN/A
|p 044293
|r 2015-01-08
|v 0.00
|w 2015-01-08
|y BK
|
| 952 |
|
|
|0 0
|1 0
|2 ddc
|4 0
|6 M_803_000000000000000_ANN_A
|7 0
|9 3572
|a SSUS
|b SSUS
|c STACKS
|d 2015-01-08
|g 75.00
|l 5
|m 1
|o M 803 ANN/A
|p 050025
|r 2019-08-19
|s 2019-08-02
|v 0.00
|w 2015-01-08
|y BK
|
| 952 |
|
|
|0 0
|1 0
|2 ddc
|4 0
|6 M_803_000000000000000_ANN_A
|7 0
|9 3573
|a SSUS
|b SSUS
|d 2015-01-08
|g 75.00
|l 10
|o M 803 ANN/A
|p 050026
|r 2020-01-03
|s 2019-12-21
|v 0.00
|w 2015-01-08
|y BK
|
| 952 |
|
|
|0 0
|1 0
|2 ddc
|4 0
|6 M_803_000000000000000_ANN_A
|7 0
|9 3574
|a SSUS
|b SSUS
|c STACKS
|d 2015-06-15
|g 170.00
|l 7
|o M 803 ANN/A
|p 075805
|r 2019-07-04
|s 2019-06-19
|w 2015-06-15
|y BK
|